| 000 | 01055nas a2200265Ia 4500 | ||
|---|---|---|---|
| 001 | R017/H6249 | ||
| 003 | IT-RoPAU | ||
| 008 | 151124c99999999xx |||||||||||| ||und|| | ||
| 040 | _aIT-RoPAU | ||
| 040 | _cIT-RoPAU | ||
| 041 | _aITALIANO | ||
| 100 |
_aAA.VV. _gCodice Aut. SPICS: 12000 |
||
| 210 | _aFILMCRITICA | ||
| 222 | _aFilmcritica | ||
| 245 |
_aFILMCRITICA SCUOLA, ANNO 9-N.32 (DICEMBRE 2005) _bFilmcritica Scuola, Anno 9-N.32 (Dicembre 2005) |
||
| 250 | _a1a ed. | ||
| 260 |
_aMONTEPULCIANO (SI) _bLE BALZE _c2005 |
||
| 501 |
_bPaulus - SPICS - Società San Paolo EM (non-commercial uses only) _cCopyright2015 |
||
| 300 | _a16 p. | ||
| 310 | _aTRIMESTRALE | ||
| 362 | _aANNO 009, N.32 (DICEMBRE 2005) | ||
| 500 | _aSupplemento Alla Rivista Filmcritica N. 560. Ciao Darwin. Classic: Europa '51 di R. Rossellini. Leggere Cinema: Gilles Deleuze Pensiero-Cinema di D. Dottorini. Cinema e Letteratura: Charlie e la Fabbrica di Cioccolato di P. Horvath. Segnali: Pianeta Russi | ||
| 650 |
_aCINEMA _vPUBBLICAZIONE PERIODICA |
||
| 942 | _cCR | ||
| 999 |
_c126502 _d126502 |
||